Teoría de los motores térmicos: conversión de la energía

Saved in:
Bibliografiske detaljer
Hovedforfatter: Martínez de Vedia, Rodolfo (autor)
Format: Bog
Sprog:spansk
Udgivet: Buenos Aires Alsina 1979
Fag:
Tags: Tilføj Tag
Ingen Tags, Vær først til at tagge denne postø!

MARC

LEADER 00000nam a2200000 a 4500
001 UCP1556
003 CL-VaPUC
008 990416e19790000AG |||||||||||||||||spa|d
082 0 4 |a 621.406  |b MAR  |2 21 
100 |a Martínez de Vedia, Rodolfo  |e autor  |9 427658 
245 1 0 |a Teoría de los motores térmicos: conversión de la energía 
300 |a 810 p 
942 |c BK 
945 |d 19990416 00:00:00  |a cmena 
260 |a Buenos Aires  |b Alsina  |c 1979 
650 0 |a Motores   |9 334293 
650 7 |a TURBOMAQUINARIA  |2 CL-VaPUC  |9 336932 
650 7 |a TURBINAS  |2 CL-VaPUC  |9 263552 
650 0 |a Combustión  |9 339668 
650 7 |a CARBURACION  |2 CL-VaPUC  |9 364033 
650 7 |a INYECTORES  |2 CL-VaPUC  |9 427356 
650 0 |a Motores de gas  |9 306218 
583 |a last modification  |c 19990416 00:00:00  |k Rodrigo Vera 
999 |c 280224  |d 280222 
952 |0 0  |1 0  |4 0  |6 621_406000000000000_MAR_1979  |7 0  |8 A  |9 320464  |a BIBMEC  |b BIBMEC  |d 2019-11-20  |i 1341812  |o 621.406 MAR 1979  |p 1341812  |r 2024-01-19  |w 2019-11-20  |y BK  |k MEC